| 000 | 00618nam a2200205 a 4500 | ||
|---|---|---|---|
| 001 | 2060 | ||
| 003 | CDMR | ||
| 005 | 20130926180552.0 | ||
| 008 | 130130s1976||||||||||||||||||||||||||||d | ||
| 020 | _a8424500466 | ||
| 040 |
_aCDMR _bcat _cCDMR |
||
| 100 | 1 |
_aThibault-Laulan, Anne Marie _9758 |
|
| 245 | 1 | 3 |
_aLa imagen en la sociedad contemporánea _cAnne-Marie Thibault Laulan ; Trad. José Luis Sainz Guerra |
| 260 |
_aMadrid _c1976 _bFundamentos |
||
| 490 | 0 |
_aCiencia _v66 |
|
| 490 | 0 | _aSerie Sociología | |
| 650 | 0 | 4 |
_93737 _aComunicació visual |
| 650 | 0 | 4 |
_9405 _aMitjans de comunicació de massa |
| 942 |
_cMON _2udc |
||
| 999 |
_c2060 _d2060 |
||